Score 0/20 Timer 05:00
3 Plays Today
Location Show % Correct
5DThe Cosby Show
84.7%
5CCharlie's Angels
83.9%
4BCheers
82.3%
1ACSI
76.9%
2BCake Boss
72.6%
4DCatdog
70.8%
1DCharmed
68.5%
1BCougartown
66.5%
3BCurb Your Enthusiasm
63.1%
4CCHiPs
60.1%
Location Show % Correct
1CCash Cab
58.6%
2ACommunity
57.4%
4AColumbo
56.2%
5BChuck
53%
5ACastle
48%
2DChappelle's Show
47.3%
3ACharles in Charge
46.4%
2CClarissa Explains it All
46.2%
3DCold Case
42.7%
3CCaptain Planet
41.6%
Remove Ads.
Support Sporcle.
Get the best of Sporcle when you Go Orange. This ad-free experience offers more features, more stats, and more fun while also helping to support Sporcle. Thank you for becoming a member.

You're not logged in!

Compare scores with friends on all Sporcle quizzes.
OR
Log In

Show Comments

Extras

Top Quizzes Today


Score Distribution

Your Account Isn't Verified!

In order to create a playlist on Sporcle, you need to verify the email address you used during registration. Go to your Sporcle Settings to finish the process.

Report this User

Report this user for behavior that violates our Community Guidelines.

Details: